000 00359nam a2200145Ia 4500
008 230917s9999||||xx |||||||||||||| ||und||
040 _e128498
_aMAIN
041 _aEnglish
082 _a320.954 N231I
100 _aNayar, Kuldip
245 0 _aIndia: The critical years
260 _aDelhi
_bVikas publications
_c1971
300 _aviii, 280 p.
942 _cBK
999 _c84442
_d84442